| 000 | 01441nam a2200217Ia 4500 | ||
|---|---|---|---|
| 999 |
_c45498 _d45498 |
||
| 001 | 12323 | ||
| 003 | GE_BSU | ||
| 005 | 20240703171032.0 | ||
| 008 | 181216s2014||||geo|||||||||||||| ||ge || | ||
| 040 | _cGE_BSU | ||
| 041 | _ageo | ||
| 080 | _a630.4+574 ბ-44 | ||
| 100 |
_aგვაზავა, ლევან _98295 |
||
| 245 |
_aეკოლოგიური პრობლემების გასაღები ტყეების ეფექტურ მოვლა-აღდგენასა და გონივრულ გამოყენებაშია / _c ლევან გვაზავა ; მთ. რედ. რევაზ ობოლაძე ; სატყეო მოამბე - საერთაშორისო რეფერირებული სამეცნ.-პრაქტ. ჟურნალის 2014 წ. N 7-ის დამატება. |
||
| 264 |
_aთბილისი : _b[?], _c2014. |
||
| 300 |
_a130 გვ. ; _c20 სმ. |
||
| 653 | _aეკოლოგიური პრობლემების გასაღები ტყეების ეფექტურ მოვლა-აღდგენასა და გონივრულ გამოყენებაშია. | ||
| 653 | _aსატყეო მოამბე | ||
| 700 |
_aობოლაძე, რ. (რევაზ) _eრედაქტორი _922701 |
||
| 942 |
_cBK _2udc |
||